Amine et Billy - Dialogue de Homer Simpson - Statistiques

Statistiques générales
  • Ce quiz a été pris 891 fois
  • Le résultat moyen est 18 sur 31
Statistiques - réponses
Réponse % Correct
m'
97%
donut
93%
Marge
93%
sucré
92%
sucre
92%
au
91%
Homer
74%
tu
72%
c'
70%
est
70%
est
70%
mon
70%
Bart
59%
ce
59%
que
59%
oh
56%
as
54%
bon
49%
garçon
47%
ici
46%
préparé
46%
viens
46%
merde
42%
Simpson
41%
pinaise
39%
fais
38%
ouh
31%
vasy
28%
Frero
25%
pour
20%
voir
18%
Aucun quiz correspondant
Distribution des résultats
% des personnes avec chaque résultat
Percentile par nombre de réponses
Votre historique - résultats
Vous n’avez pas pris ce quiz